000
00274nam a2200097Ia 4500
008
220204s9999 xx 000 0 und d
082
_a
001.5
_b
SCI
245
0
_a
Scientific thought: Some underlying concepts methods and procedures
260
_a
Paris
_b
Unesco
_c
1972
942
_c
BK
999
_c
23257
_d
23257